Heart, Mind and Tongue: (Record no. 9595)
[ view plain ]
| 000 -LEADER | |
|---|---|
| fixed length control field | 00436nam a22001337a 4500 |
| 005 - DATE AND TIME OF LATEST TRANSACTION | |
| control field | 20260423165741.0 |
| 008 - FIXED-LENGTH DATA ELEMENTS--GENERAL INFORMATION | |
| fixed length control field | 260423b |||||||| |||| 00| 0 eng d |
| 020 ## - INTERNATIONAL STANDARD BOOK NUMBER | |
| International Standard Book Number | 9988609582 |
| 050 ## - LIBRARY OF CONGRESS CALL NUMBER | |
| Classification number | PG1010.2 |
| Item number | .P37 AMO |
| 100 ## - MAIN ENTRY--PERSONAL NAME | |
| Personal name | Amoah Elizabeth |
| 245 ## - TITLE STATEMENT | |
| Title | Heart, Mind and Tongue: |
| Remainder of title | A heritage of Woven words/ |
| Statement of responsibility, etc. | Elizabeth Amoah & Pamela Martin |
| 260 ## - PUBLICATION, DISTRIBUTION, ETC. | |
| Place of publication, distribution, etc. | Accra |
| Name of publisher, distributor, etc. | The Circle of Concerned African Women Theologians |
| Date of publication, distribution, etc. | 2001 |
| 942 ## - ADDED ENTRY ELEMENTS (KOHA) | |
| Source of classification or shelving scheme | Library of Congress Classification |
| Koha item type | Books |
| Suppress in OPAC | No |
| 999 ## - | |
| -- | 9595 |
| -- | 9595 |
| Withdrawn status | Lost status | Source of classification or shelving scheme | Damaged status | Not for loan | Collection | Home library | Current library | Shelving location | Date acquired | Total checkouts | Full call number | Barcode | Date last seen | Copy number | Price effective from | Koha item type |
|---|---|---|---|---|---|---|---|---|---|---|---|---|---|---|---|---|
| Library of Congress Classification | Non-fiction | Business Library (Miotso) | Business Library (Miotso) | General stacks | 03/27/2026 | PG1010.2 .P37 AMO | BSSM00003712 | 04/23/2026 | 1 | 03/27/2026 | Books |